MASH Actors Quiz Stats

 Plays Quiz not verified by Sporcle

Challenge
Share
Tweet
Embed
Score 0/11 Timer 05:00
0 Plays Today
Character Actor % Correct
Cpt. Benjamin Franklin 'Hawkeye' PierceAlan Alda
99.6%
Maj. Margaret 'Hot Lips' HoulihanLoretta Swit
88.4%
Cpl. Maxwell Q. KlingerJamie Farr
88.2%
Col. Sherman PotterHarry Morgan
80.7%
Maj. Frank BurnsLarry Linville
76.1%
Lt. Col. Henry BlakeMcLean Stevenson
75.8%
Father John Francis Patrick MulcahyWilliam Christopher
75.4%
Maj. Charles Emerson Winchester IIIDavid Ogden Stiers
74.4%
Cpt. 'Trapper' John McintyreWayne Rogers
73.1%
Cpl. Walter 'Radar' O'ReillyGary Burghoff
72.7%
Cpt. B.J. HunnicuttMike Farrell
71.8%

You're not logged in!

Compare scores with friends on all Sporcle quizzes.
Join for Free
OR
Log In

You Might Also Like...

Show Comments

Extras

Top Quizzes Today


Score Distribution

Your Account Isn't Verified!

In order to create a playlist on Sporcle, you need to verify the email address you used during registration. Go to your Sporcle Settings to finish the process.

Report this User

Report this user for behavior that violates our Community Guidelines.

Details: